Դաստիարակութիւն մարց կամ քաղաքակրթութիւն ազգի մարդկան ի ձեռն կանանց ։ (Record no. 535619)
[ view plain ]
| 000 -LEADER | |
|---|---|
| fixed length control field | 01919nam a2200301 a 4500 |
| 003 - CONTROL NUMBER IDENTIFIER | |
| control field | AM-YEHGA |
| 005 - DATE AND TIME OF LATEST TRANSACTION | |
| control field | 20260213131713.0 |
| 008 - FIXED-LENGTH DATA ELEMENTS--GENERAL INFORMATION | |
| fixed length control field | 051109s1870 tu ||||r|||| ||||0|arm d |
| 040 ## - CATALOGING SOURCE | |
| Original cataloging agency | AM-YEHGA |
| 041 1# - LANGUAGE CODE | |
| Language code of text/sound track or separate title | arm |
| Language code of original | fre |
| 100 1# - MAIN ENTRY--PERSONAL NAME | |
| Personal name | Մարթէն, Էմէ Լ. |
| 245 10 - TITLE STATEMENT | |
| Title | Դաստիարակութիւն մարց կամ քաղաքակրթութիւն ազգի մարդկան ի ձեռն կանանց ։ |
| Remainder of title | Գործ պսակեալ ի ճեմարանէն գաղիոյ / |
| Statement of responsibility, etc. | Ի.Լ. Մարթէն ; Թարգմանեալ ի գաղղիական բնագրէ Ա.Մ. Գարագաշեանէ. |
| 260 ## - PUBLICATION, DISTRIBUTION, ETC. | |
| Place of publication, distribution, etc. | Կ. Պօլիս : |
| Name of publisher, distributor, etc. | Տպագրութիւն Քիրիշճեան եւ ընկ., |
| Date of publication, distribution, etc. | 1870. |
| 300 ## - PHYSICAL DESCRIPTION | |
| Extent | հատոր |
| 440 #0 - SERIES STATEMENT/ADDED ENTRY--TITLE | |
| Title | Ազգային ժողովրդական մատենադարան |
| 500 ## - GENERAL NOTE | |
| General note | Շարվածքը՝ 16x8 սմ։ |
| 500 ## - GENERAL NOTE | |
| General note | Շապիկից հետո՝ «Ազգային ժողովրդական մատենադարան: Հաւաքածոյ պատմական, ուսումնական մատենագրական, արհեստական, փիլիսոփայական, վերացեալ եւ գրական գիտութեանց մատենից»: |
| 500 ## - GENERAL NOTE | |
| General note | Տիտղոսաթերթը՝ էջ Ժ-ից հետո: |
| 500 ## - GENERAL NOTE | |
| General note | Էջակալությունը նաև հայերեն տառերով: |
| 500 ## - GENERAL NOTE | |
| General note | Տիտղոսաթերթից առաջ՝ «Ընկերական փիլիսոփայութիւն: Դաստիարակութիւն մարց: Ա»: |
| 504 ## - BIBLIOGRAPHY, ETC. NOTE | |
| Bibliography, etc. note | Տողատ. ծանոթ. |
| 505 10 - FORMATTED CONTENTS NOTE | |
| Miscellaneous information | Հ․ Ա (1870, Ժ, ԼԶ, 146 էջ) |
| 650 14 - SUBJECT ADDED ENTRY--TOPICAL TERM | |
| Topical term or geographic name entry element | Կրթություն և դաստիարակություն |
| 9 (RLIN) | 5825 |
| 650 14 - SUBJECT ADDED ENTRY--TOPICAL TERM | |
| Topical term or geographic name entry element | Մանկավարժություն |
| 700 1# - ADDED ENTRY--PERSONAL NAME | |
| Personal name | Գարագաշյան, Անտոն Մատաթիա, |
| Dates associated with a name | 1818-1903 |
| Relator term | թարգմ. |
| Relationship | trl |
| Relator term | առաջաբ |
| Relationship | aui |
| 856 41 - ELECTRONIC LOCATION AND ACCESS | |
| Uniform Resource Identifier | <a href="http://greenstone.flib.sci.am/gsdl/collect/haygirq/book/dastiarakuty_marc_1870.pdf">http://greenstone.flib.sci.am/gsdl/collect/haygirq/book/dastiarakuty_marc_1870.pdf</a> |
| Link text | Կարդալ առցանց |
| 942 ## - ADDED ENTRY ELEMENTS (KOHA) | |
| Source of classification or shelving scheme | Universal Decimal Classification |
| Koha item type | Գրքեր / Books |
| Withdrawn status | Lost status | Source of classification or shelving scheme | Damaged status | Not for loan | Collection | Home library | Current library | Date acquired | Serial enumeration / chronology | Total checkouts | Full call number | Barcode | Date last seen | Price effective from | Koha item type | Public note |
|---|---|---|---|---|---|---|---|---|---|---|---|---|---|---|---|---|
| Universal Decimal Classification | Alpoiajian Individual Collection | Fundamental Scientific Library | Fundamental Scientific Library | 20/10/2025 | Հ․ Ա | Ալպ/89 | FL0596188 | 20/10/2025 | 20/10/2025 | Գրքեր / Books | Չի սպասարկվում |
ՀՀ Գիտությունների ազգային ակադեմիայի հիմնարար գիտական գրադարան = Fundamental Scientific Library of NAS RA
All site content, except where otherwise noted, is licensed under a